[Event "IV Festival Internacional DUCHAMP in RIO"]
[Site "Hotel South American, Copacaba"]
[Date "2022.12.10"]
[Round "5.11"]
[White "Uczai, Joao Pedro Filimbert"]
[Black "Gauche, Charles"]
[Result "1/2-1/2"]
[WhiteElo "2093"]
[BlackElo "2221"]
[PlyCount "128"]
[EventDate "2022.12.07"]

1. e4 d5 2. exd5 Nf6 3. Bb5+ Bd7 4. Bc4 b5 5. Bb3 Bg4 6. f3 Bc8 7. Qe2 a6 8.
Nc3 Nbd7 9. d4 Nb6 10. Qf2 Nbxd5 11. Nge2 e6 12. Bg5 Be7 13. Nxd5 Nxd5 14. Bxd5
Qxd5 15. Bxe7 Kxe7 16. Qg3 Bd7 17. O-O g6 18. Rad1 Qd6 19. Qh4+ f6 20. Ng3 Kf7
21. Ne4 Qe7 22. Rfe1 Kg7 23. d5 Rad8 24. Kh1 Bc8 25. Nf2 Qf7 26. Qb4 Rhe8 27.
a4 Rxd5 28. axb5 Rxb5 29. Qc3 Bb7 30. Rd4 e5 31. Rc4 Re7 32. Ne4 Bxe4 33. Rexe4
Rd7 34. h3 Rbd5 35. Rc6 Rd1+ 36. Kh2 R1d4 37. Rxa6 Qe7 38. Rc6 f5 39. Rxd4 exd4
40. Qc5 Qxc5 41. Rxc5 Kf6 42. Kg3 Ke6 43. Kf4 Kd6 44. Rc4 Kd5 45. b3 c5 46. h4
Re7 47. h5 gxh5 48. Kxf5 Rg7 49. g4 h4 50. Ra4 Rf7+ 51. Kg5 Rxf3 52. Kxh4 Rc3
53. Ra2 Re3 54. g5 Re7 55. Kh5 Ke4 56. Ra1 Rc7 57. Kh6 Ke3 58. Rd1 Ke2 59. Rd3
Rd7 60. g6 hxg6 61. Kxg6 Re7 62. b4 cxb4 63. Rxd4 Rc7 64. Rxb4 Rxc2 1/2-1/2

[Event "IV Festival Internacional DUCHAMP in RIO"]
[Site "Hotel South American, Copacaba"]
[Date "2022.12.10"]
[Round "5.12"]
[White "Silva, Kaua Marques"]
[Black "Cordero, Daniela"]
[Result "1-0"]
[WhiteElo "2199"]
[BlackElo "1967"]
[PlyCount "75"]
[EventDate "2022.12.07"]

1. e4 e6 2. d4 d5 3. Nd2 a6 4. Ngf3 c5 5. dxc5 dxe4 6. Nxe4 Qxd1+ 7. Kxd1 Nf6
8. Nxf6+ gxf6 9. Be3 Bd7 10. Nd2 Bc6 11. Nc4 Nd7 12. b4 Rd8 13. Ke1 b6 14. Nd6+
Ke7 15. f3 bxc5 16. bxc5 Rg8 17. Kf2 f5 18. g3 a5 19. Be2 Bg7 20. Rab1 Be5 21.
Rhd1 f4 22. gxf4 Bf6 23. Nc4 Bh4+ 24. Kf1 Ba4 25. Rb7 Rb8 26. Rdb1 Rxb7 27.
Rxb7 Rb8 28. Nxa5 Rxb7 29. Nxb7 Nb8 30. Na5 Kd7 31. Bd3 f5 32. Nc4 Bc6 33. Ne5+
Kc7 34. Nxc6 Nxc6 35. Bc4 Nd8 36. Bb5 Be7 37. Bd4 Nf7 38. a4 1-0

[Event "IV Festival Internacional DUCHAMP in RIO"]
[Site "Hotel South American, Copacaba"]
[Date "2022.12.10"]
[Round "5.13"]
[White "Piasetski, Leon"]
[Black "Nejanky, Maisa"]
[Result "1-0"]
[WhiteElo "2198"]
[BlackElo "1929"]
[Annotator "Carvalho,Carlos"]
[PlyCount "70"]
[EventDate "2022.12.07"]

1. Nf3 Nf6 2. c4 c5 3. d4 cxd4 4. Nxd4 Nc6 5. Nc3 g6 6. e4 d6 7. Be2 Nxd4 8.
Qxd4 Bg7 9. Be3 O-O 10. Qd2 Bd7 11. f3 a6 12. O-O Bc6 13. b4 Ne8 14. Rac1 a5
15. b5 Bd7 16. Rfd1 b6 17. Na4 Rb8 18. Bf1 f5 19. exf5 Rxf5 20. Qf2 Rc5 21.
Nxc5 dxc5 22. Qd2 Nd6 23. Qd5+ Kh8 24. Bf4 Bc8 25. Be5 Bb7 26. Bxg7+ Kxg7 27.
Qe5+ Kg8 28. g3 Qc7 29. f4 Rc8 30. Re1 e6 31. g4 Ne8 32. Qxc7 Rxc7 33. Rcd1 Kf8
34. Rd8 Ke7 35. Rb8 Rd7 {Terminando no lance 46} 1-0

[Event "IV Festival Internacional DUCHAMP in RIO"]
[Site "Hotel South American, Copacaba"]
[Date "2022.12.10"]
[Round "5.14"]
[White "Santos Filho, Tadeu Sousa"]
[Black "Von Buelow, Georg"]
[Result "0-1"]
[WhiteElo "2018"]
[BlackElo "2361"]
[PlyCount "106"]
[EventDate "2022.12.07"]

1. e4 c5 2. Nf3 d6 3. d4 cxd4 4. Nxd4 Nf6 5. f3 e6 6. c4 Be7 7. Nc3 O-O 8. Be3
b6 9. Be2 Bb7 10. O-O a6 11. Qd2 Qc7 12. Rfd1 Re8 13. Rac1 Nbd7 14. a3 Rac8 15.
b4 Qb8 16. Kh1 Bd8 17. Bg1 h5 18. Nc2 Bc7 19. Ne3 Ne5 20. Na4 h4 21. c5 dxc5
22. bxc5 b5 23. Nb6 Rcd8 24. Qe1 h3 25. a4 hxg2+ 26. Nxg2 Bc6 27. axb5 Bxb5 28.
Qf1 Qb7 29. Rb1 Qc6 30. Ne1 Rxd1 31. Rxd1 Ned7 32. Nxd7 Nxd7 33. Rc1 f5 34.
exf5 exf5 35. Bc4+ Bxc4 36. Qxc4+ Kf8 37. Qd3 Re5 38. Bd4 Rd5 39. Qe3 Be5 40.
Nc2 Qa4 41. Bxe5 Rxe5 42. Qd4 Qc6 43. Kg2 Rxc5 44. Qb4 Kg8 45. Qd2 Qc7 46. Qe2
Ne5 47. f4 Ng6 48. Qd2 Nxf4+ 49. Kf3 Rc3+ 50. Kf2 Nd3+ 51. Kg2 Nxc1 52. Qd5+
Kh8 53. Nd4 Qf4 0-1

[Event "IV Festival Internacional DUCHAMP in RIO"]
[Site "Hotel South American, Copacaba"]
[Date "2022.12.10"]
[Round "5.15"]
[White "Okamura, Milton Kasuo"]
[Black "Terao, Juliana Sayumi"]
[Result "1/2-1/2"]
[WhiteElo "1964"]
[BlackElo "2240"]
[PlyCount "59"]
[EventDate "2022.12.07"]

1. d4 Nf6 2. c4 e6 3. Nc3 Bb4 4. e3 O-O 5. Bd3 c5 6. Nge2 cxd4 7. exd4 d5 8. a3
Be7 9. O-O Nc6 10. b4 b6 11. Bf4 Bb7 12. Re1 Rc8 13. c5 bxc5 14. dxc5 e5 15.
Bd2 d4 16. Na4 e4 17. Bb1 Re8 18. Ng3 e3 19. fxe3 dxe3 20. Bxe3 Qxd1 21. Rxd1
Ng4 22. Bf4 Rcd8 23. Bf5 Bc8 24. Rxd8 Rxd8 25. Bxc8 Rxc8 26. h3 Nge5 27. Rd1
Nc4 28. b5 g5 29. Bc1 N6e5 30. Ne4 1/2-1/2

[Event "IV Festival Internacional DUCHAMP in RIO"]
[Site "Hotel South American, Copacaba"]
[Date "2022.12.10"]
[Round "5.16"]
[White "Viana, Dirceu"]
[Black "De Albuquerque, Ian Telek C."]
[Result "1-0"]
[WhiteElo "2199"]
[BlackElo "1986"]
[PlyCount "113"]
[EventDate "2022.12.07"]

1. Nf3 Nf6 2. c4 g6 3. b3 Bg7 4. Bb2 O-O 5. g3 d6 6. d4 a6 7. Bg2 Nc6 8. O-O
Rb8 9. Nbd2 b5 10. Rc1 Bd7 11. d5 Na5 12. cxb5 Rxb5 13. Nd4 Rxd5 14. Bxd5 Nxd5
15. Ba1 e5 16. N4f3 Nc6 17. Nc4 Nde7 18. Qd2 h6 19. Rfd1 Bh3 20. Na5 Bd7 21.
Nxc6 Nxc6 22. Qd5 Qe8 23. Qc4 a5 24. a3 Qb8 25. b4 axb4 26. axb4 Nxb4 27. Qxc7
Qxc7 28. Rxc7 Bb5 29. Kf1 Na6 30. Rb7 Bc6 31. Rb6 Bxf3 32. exf3 Nc5 33. Rbxd6
Nb3 34. Rd8 Nxa1 35. Rxf8+ Bxf8 36. Rxa1 Be7 37. Ra5 Bf6 38. Ke2 Kg7 39. Kd3
Kg8 40. Ke4 Bg7 41. Ra8+ Kh7 42. Re8 Bf6 43. g4 Kg7 44. h3 Bh4 45. Kxe5 Bxf2
46. Ra8 Bh4 47. f4 Bf6+ 48. Ke4 Bc3 49. Rc8 Bf6 50. Rc5 g5 51. f5 Bb2 52. Kd5
Bf6 53. Kd6 Kf8 54. Rc8+ Kg7 55. Kd7 Bd4 56. Ke8 Be5 57. Rc5 1-0

[Event "IV Festival Internacional DUCHAMP in RIO"]
[Site "Hotel South American, Copacaba"]
[Date "2022.12.10"]
[Round "5.17"]
[White "Fernandez, Maria Florencia"]
[Black "Meza, Anahi"]
[Result "1-0"]
[WhiteElo "2196"]
[BlackElo "1965"]
[Annotator "Carvalho,Carlos"]
[PlyCount "48"]
[EventDate "2022.12.07"]

1. d4 f5 2. Nf3 Nf6 3. Bg5 e6 4. Nbd2 d5 5. Ne5 Be7 6. e3 O-O 7. Bd3 Nbd7 8.
Ndf3 Ne4 9. Bxe7 Qxe7 10. Nxd7 Bxd7 11. Ne5 Qb4+ 12. Kf1 Bb5 13. Kg1 Bxd3 14.
Nxd3 Qe7 15. h4 b6 16. c3 c5 17. Rh3 Kh8 18. Qe2 c4 19. Ne5 b5 20. f3 Nf6 21.
h5 Nd7 22. Nxd7 Qxd7 23. h6 g6 24. g4 f4 {Terminando no lance 35} 1-0

[Event "IV Festival Internacional DUCHAMP in RIO"]
[Site "Hotel South American, Copacaba"]
[Date "2022.12.10"]
[Round "5.18"]
[White "De Resende, Kalyndi Carvalho"]
[Black "Rocha, Vitor Firmo De Souza"]
[Result "0-1"]
[WhiteElo "1926"]
[BlackElo "2192"]
[PlyCount "72"]
[EventDate "2022.12.07"]

1. e4 c5 2. c3 Nf6 3. e5 Nd5 4. d4 cxd4 5. Nf3 d6 6. Bc4 e6 7. Bxd5 exd5 8.
Qxd4 Be6 9. exd6 Nc6 10. Qd3 Bxd6 11. O-O h6 12. Nbd2 O-O 13. Nb3 Qf6 14. Nbd4
Rad8 15. Nxe6 fxe6 16. Be3 Kh8 17. Nd4 Ne5 18. Qe2 Nc4 19. Nb5 Nxe3 20. Qxe3
Bb8 21. Nxa7 d4 22. Qe4 Bxa7 23. Qxb7 Rf7 24. Qe4 d3 25. Kh1 Qf5 26. Qh4 Rdd7
27. Rad1 d2 28. Qa4 Bxf2 29. Rb1 Qd3 30. Rbd1 Kh7 31. Qg4 Be1 32. Rxf7 Rxf7 33.
h4 Rf1+ 34. Kh2 Bg3+ 35. Kh3 Rxd1 36. Qxd1 Bf4+ 0-1

[Event "IV Festival Internacional DUCHAMP in RIO"]
[Site "Hotel South American, Copacaba"]
[Date "2022.12.10"]
[Round "5.19"]
[White "Becker, Rogerio Sperb"]
[Black "Fonseca, Luis Ernesto Serra A"]
[Result "1-0"]
[WhiteElo "2135"]
[BlackElo "1953"]
[PlyCount "62"]
[EventDate "2022.12.07"]

1. c4 c5 2. g3 g6 3. Bg2 Nf6 4. Nf3 Nc6 5. O-O d6 6. Nc3 Bg7 7. a3 O-O 8. Rb1
Rb8 9. b4 Bd7 10. d3 a6 11. b5 axb5 12. cxb5 Nd4 13. Nxd4 cxd4 14. Nd5 Nxd5 15.
Bxd5 e6 16. Bg2 d5 17. Bd2 b6 18. Qb3 Ra8 19. a4 Qb8 20. Rfc1 Rc8 21. Bf4 Qb7
22. Rxc8+ Bxc8 23. Rc1 Bf8 24. Rc2 Bd7 25. e4 dxe3 26. Bxe3 Qa7 27. f3 Bg7 28.
f4 Bf6 29. Ra2 Rc8 30. Qd1 Bd8 31. Bf3 Kg7 1-0

[Event "IV Festival Internacional DUCHAMP in RIO"]
[Site "Hotel South American, Copacaba"]
[Date "2022.12.10"]
[Round "5.20"]
[White "Do Nascimento, Christian Almeida"]
[Black "Kim, Thiago"]
[Result "1/2-1/2"]
[WhiteElo "2087"]
[BlackElo "1918"]
[PlyCount "123"]
[EventDate "2022.12.07"]

1. d4 Nf6 2. Bg5 c5 3. d5 d6 4. Nc3 h6 5. Bd2 e5 6. dxe6 Bxe6 7. e4 Be7 8. Nf3
a6 9. a4 d5 10. exd5 Nxd5 11. Nxd5 Qxd5 12. Bc3 O-O 13. Qxd5 Bxd5 14. O-O-O Be6
15. Kb1 Nd7 16. Bc4 Bf5 17. Rhe1 Bd8 18. g4 Nb6 19. gxf5 Nxc4 20. Rg1 f6 21. b3
Ba5 22. Ba1 Nb6 23. Rd6 Kf7 24. Nd2 Rfe8 25. b4 Bxb4 26. Rxb6 Bxd2 27. Rxb7+
Kf8 28. Rgxg7 Rab8 29. Rgf7+ Kg8 30. Bxf6 Rxb7+ 31. Rxb7 Re4 32. Bb2 Rxa4 33.
f6 Rf4 34. Rg7+ Kf8 35. Be5 Rxf2 36. Bd6+ Ke8 37. Re7+ Kd8 38. f7 Bc3 39. Re8+
Kd7 40. f8=Q Rxf8 41. Rxf8 Kxd6 42. Rf3 Be5 43. Rh3 Bf4 44. Rh4 Ke5 45. Rh5+
Ke4 46. h3 Bg5 47. h4 Be3 48. Kb2 Kf3 49. Rd5 Kg4 50. h5 Bg5 51. Rxc5 Kxh5 52.
c4 Kg4 53. Kc2 h5 54. Kd3 h4 55. Ke2 h3 56. Kf1 Be3 57. Rc7 Kg3 58. c5 h2 59.
Rh7 Bxc5 60. Rg7+ Kf3 61. Rf7+ Ke4 62. Kg2 1/2-1/2

[Event "IV Festival Internacional DUCHAMP in RIO"]
[Site "Hotel South American, Copacaba"]
[Date "2022.12.10"]
[Round "5.21"]
[White "Backes, Jorge Henrique"]
[Black "Lima, Stefan Moisei Vieira"]
[Result "1-0"]
[WhiteElo "1905"]
[BlackElo "2076"]
[PlyCount "41"]
[EventDate "2022.12.07"]

1. c4 c5 2. Nc3 Nc6 3. g3 g6 4. Bg2 Bg7 5. Nf3 d6 6. O-O Qd7 7. Rb1 b6 8. e3
Bxc3 9. bxc3 Bb7 10. d4 O-O-O 11. Qa4 Na5 12. Qc2 Nf6 13. Qe2 Qf5 14. Nd2 Bxg2
15. Kxg2 e5 16. e4 Qe6 17. d5 Qe7 18. Nb3 Nb7 19. a4 a5 20. Bg5 Kc7 21. Qf3 1-0

[Event "IV Festival Internacional DUCHAMP in RIO"]
[Site "Hotel South American, Copacaba"]
[Date "2022.12.10"]
[Round "5.22"]
[White "Jordao Barbosa, Marcio"]
[Black "Frankental, David"]
[Result "1/2-1/2"]
[WhiteElo "2054"]
[BlackElo "1947"]
[PlyCount "23"]
[EventDate "2022.12.07"]

1. e4 e5 2. Nf3 Nc6 3. Bb5 Nf6 4. O-O b6 5. Nc3 a6 6. Bxc6 dxc6 7. d4 Bg4 8.
dxe5 Bxf3 9. Qxf3 Nd7 10. Re1 Qe7 11. Bf4 Nxe5 12. Qe2 1/2-1/2

[Event "IV Festival Internacional DUCHAMP in RIO"]
[Site "Hotel South American, Copacaba"]
[Date "2022.12.10"]
[Round "5.23"]
[White "Martins De Aguiar, Marina"]
[Black "Brizzi, Milagros Tatiana"]
[Result "0-1"]
[WhiteElo "1877"]
[BlackElo "2028"]
[Annotator "Carvalho,Carlos"]
[PlyCount "62"]
[EventDate "2022.12.07"]

1. e4 c6 2. d3 d5 3. Nd2 e5 4. Ngf3 Bd6 5. g3 Nf6 6. Bg2 O-O 7. O-O Qc7 8. Re1
Nbd7 9. Nf1 dxe4 10. dxe4 Nc5 11. N1d2 Rd8 12. Qe2 b5 13. Nh4 Bf8 14. Nb3 Ne6
15. a4 b4 16. a5 c5 17. c3 Rb8 18. Nd2 Bd7 19. Nf5 Bb5 20. Nc4 Qb7 21. Bf1 Qc6
22. f3 Rbc8 23. Nfe3 Ne8 24. Qg2 f6 25. Nd2 c4 26. Nd5 N8c7 27. Nxc7 Rxc7 28.
Be2 Nc5 29. cxb4 Nd3 30. Nb1 Bxb4 31. Bd2 c3 {Terminando no lance 48} 0-1

[Event "IV Festival Internacional DUCHAMP in RIO"]
[Site "Hotel South American, Copacaba"]
[Date "2022.12.10"]
[Round "5.24"]
[White "Rodrigues, Julliano De Araujo"]
[Black "Cezar Junior, William Carlos"]
[Result "0-1"]
[WhiteElo "1834"]
[BlackElo "2023"]
[PlyCount "62"]
[EventDate "2022.12.07"]

1. e4 c5 2. Nf3 Nc6 3. d4 cxd4 4. Nxd4 Nf6 5. Nc3 e5 6. Ndb5 d6 7. Bg5 a6 8.
Na3 b5 9. Nd5 Be7 10. Bxf6 Bxf6 11. c4 b4 12. Nc2 Rb8 13. b3 Bg5 14. g3 O-O 15.
Bg2 Be6 16. O-O a5 17. Qd3 Qd7 18. h4 Bd8 19. Rad1 Kh8 20. Nde3 Bc7 21. c5 Rfd8
22. cxd6 Bxd6 23. Nc4 Bc5 24. Qxd7 Rxd7 25. Rxd7 Bxd7 26. Rd1 Be6 27. Bf1 f6
28. N2e3 Bxe3 29. Nxe3 a4 30. Bb5 Rxb5 31. Rd6 Nd4 0-1

[Event "IV Festival Internacional DUCHAMP in RIO"]
[Site "Hotel South American, Copacaba"]
[Date "2022.12.10"]
[Round "5.25"]
[White "Andersson, Ulf"]
[Black "Ramos, Angelo Bil"]
[Result "1-0"]
[WhiteElo "2519"]
[BlackElo "1912"]
[PlyCount "55"]
[EventDate "2022.12.07"]

1. Nf3 Nf6 2. c4 g6 3. g3 Bg7 4. Bg2 O-O 5. O-O d6 6. Nc3 e5 7. d4 Nc6 8. d5
Ne7 9. e4 b6 10. Bd2 a5 11. b3 Ne8 12. Qe2 f5 13. exf5 Nxf5 14. Rae1 h6 15. Ne4
Nf6 16. Bc3 Nxe4 17. Qxe4 Rb8 18. Nd2 Bd7 19. Qd3 Ne7 20. Ne4 Bf5 21. f4 exf4
22. Bxg7 Kxg7 23. Qc3+ Kf7 24. Rxf4 g5 25. Rf2 Kg6 26. g4 Bxg4 27. Rf6+ Kh7 28.
Rxf8 1-0

[Event "IV Festival Internacional DUCHAMP in RIO"]
[Site "Hotel South American, Copacaba"]
[Date "2022.12.10"]
[Round "5.26"]
[White "Aranha Filho, Alvaro Z."]
[Black "De Souza, Vinicius Alcantara G"]
[Result "1-0"]
[WhiteElo "2196"]
[BlackElo "1852"]
[PlyCount "65"]
[EventDate "2022.12.07"]

1. d4 Nf6 2. c4 e6 3. Nf3 d5 4. Nc3 Nbd7 5. Bg5 c6 6. e3 Qa5 7. Nd2 dxc4 8.
Bxf6 Nxf6 9. Nxc4 Qc7 10. g3 b6 11. Bg2 Bb7 12. O-O Be7 13. a3 O-O 14. b4 c5
15. Bxb7 Qxb7 16. dxc5 bxc5 17. b5 Nd5 18. Na5 Qb6 19. Nxd5 exd5 20. Nc6 Bf6
21. Rb1 a6 22. a4 axb5 23. axb5 d4 24. e4 Rfe8 25. Qd3 Ra4 26. e5 Bd8 27. Qb3
Ra8 28. Qd5 Rc8 29. Qd7 Bc7 30. Ne7+ Rxe7 31. Qxc8+ Bd8 32. Rfc1 Rxe5 33. Re1
1-0

[Event "IV Festival Internacional DUCHAMP in RIO"]
[Site "Hotel South American, Copacaba"]
[Date "2022.12.10"]
[Round "5.27"]
[White "Federzoni, Enzo"]
[Black "Cincinato, Thalita Ariane C."]
[Result "1-0"]
[WhiteElo "2177"]
[BlackElo "1845"]
[PlyCount "57"]
[EventDate "2022.12.07"]

1. e4 e5 2. Nf3 Qe7 3. Nc3 c6 4. d4 d6 5. Bg5 f6 6. Be3 Bg4 7. Qd2 Nd7 8. O-O-O
a5 9. h3 Bh5 10. g4 Bf7 11. h4 b5 12. d5 b4 13. dxc6 bxc3 14. cxd7+ Qxd7 15.
Qxc3 Be7 16. Qd3 Be6 17. Bc5 Bxg4 18. Qb3 Qc8 19. Bb5+ Bd7 20. Bxd6 Bxd6 21.
Rxd6 Bxb5 22. Qxb5+ Kf8 23. Rhd1 Qe8 24. Rd7 Ne7 25. Qc5 g6 26. Qb6 Qf7 27.
R1d6 Kg7 28. Re6 Rhe8 29. Qd6 1-0

[Event "IV Festival Internacional DUCHAMP in RIO"]
[Site "Hotel South American, Copacaba"]
[Date "2022.12.10"]
[Round "5.28"]
[White "Moyses Sobrinho, Elias"]
[Black "Lage, Pedro Ferreira"]
[Result "1/2-1/2"]
[WhiteElo "1839"]
[BlackElo "2078"]
[PlyCount "92"]
[EventDate "2022.12.07"]

1. d4 f5 2. g3 Nf6 3. Bg2 d6 4. Nf3 g6 5. O-O Bg7 6. Bg5 O-O 7. Qc1 Nc6 8. Bh6
e5 9. Bxg7 Kxg7 10. dxe5 dxe5 11. Rd1 Qe7 12. Nc3 Be6 13. Ng5 Bg8 14. Nd5 Nxd5
15. Bxd5 Nd4 16. Bf3 h6 17. c3 Nxe2+ 18. Bxe2 hxg5 19. Qe3 b6 20. b3 Rad8 21.
c4 Kf6 22. Qc3 Rxd1+ 23. Rxd1 Rd8 24. Rxd8 Qxd8 25. Qf3 Qd6 26. Qa8 Be6 27.
Qh8+ Ke7 28. Qh6 Bf7 29. Qxg5+ Qf6 30. Qxf6+ Kxf6 31. f4 exf4 32. gxf4 g5 33.
fxg5+ Kxg5 34. Kf2 Kf4 35. h4 c5 36. Bf3 Bg6 37. Be2 Ke4 38. Bf3+ Kd3 39. h5
Bh7 40. Kg3 Ke3 41. Bd5 a5 42. Kh4 f4 43. Kg4 Bb1 44. h6 Bc2 45. a4 Bd1+ 46.
Kg5 Bc2 1/2-1/2

[Event "IV Festival Internacional DUCHAMP in RIO"]
[Site "Hotel South American, Copacaba"]
[Date "2022.12.10"]
[Round "5.29"]
[White "Jenidarchiche, Douglas Rodrigo"]
[Black "Dos Santos Junior, Haroldo Cunha"]
[Result "0-1"]
[WhiteElo "1837"]
[BlackElo "2072"]
[PlyCount "150"]
[EventDate "2022.12.07"]

1. e4 e5 2. Bc4 Nf6 3. d3 Bc5 4. Nf3 Nc6 5. O-O d6 6. c3 Qe7 7. a4 a5 8. Qb3
O-O 9. Na3 Rb8 10. h3 h6 11. Nc2 Nd8 12. Be3 c6 13. d4 exd4 14. cxd4 Ba7 15. e5
Nd7 16. Qa3 c5 17. exd6 Qxd6 18. Rad1 Qg6 19. dxc5 Nc6 20. Rd6 Nf6 21. Bd3 Qh5
22. Be2 Ne4 23. Nfd4 Qe5 24. Rxc6 bxc6 25. Nxc6 Qc7 26. Nxb8 Bxb8 27. f4 Re8
28. Bf3 Ba7 29. c6 Nd2 30. Bxa7 Qxa7+ 31. Rf2 Bf5 32. Qd6 Nxf3+ 33. gxf3 Bxc2
34. Qd7 Re1+ 35. Kg2 Qc5 36. Qd8+ Kh7 37. Qd2 Re6 38. Qxc2+ Rg6+ 39. Kh1 Qh5
40. Rg2 Qxf3 41. c7 Qxh3+ 42. Kg1 Qe3+ 43. Kf1 Qh3 44. c8=Q Qh1+ 45. Ke2 Qxg2+
46. Ke3 Qg3+ 47. Kd4 Qxf4+ 48. Kd3 Qd6+ 49. Kc4 Qb4+ 50. Kd5 Qd6+ 51. Ke4 Re6+
52. Kf3+ g6 53. Q8c5 Rf6+ 54. Kg2 Qf4 55. Qc7 Qf1+ 56. Kh2 Rf2+ 57. Qxf2 Qxf2+
58. Kh1 Qf5 59. Qb7 h5 60. Qb5 h4 61. Kh2 Qf2+ 62. Kh1 h3 63. Qd5 Qg2+ 64. Qxg2
hxg2+ 65. Kxg2 f5 66. Kh2 Kg7 67. b4 axb4 68. a5 b3 69. a6 b2 70. a7 b1=Q 71.
a8=Q Qf1 72. Qa7+ Kh6 73. Qe3+ Kh5 74. Qe7 Qf4+ 75. Kg1 Qg5+ 0-1

[Event "IV Festival Internacional DUCHAMP in RIO"]
[Site "Hotel South American, Copacaba"]
[Date "2022.12.10"]
[Round "5.30"]
[White "Nunes, Agatha Hurba"]
[Black "Campos, Alexandre Ferreira"]
[Result "0-1"]
[WhiteElo "1820"]
[BlackElo "2034"]
[PlyCount "114"]
[EventDate "2022.12.07"]

1. d4 f5 2. c4 g6 3. Nc3 Nf6 4. g3 Bg7 5. Bg2 O-O 6. Nf3 d6 7. O-O Nc6 8. Bg5
h6 9. Bd2 e5 10. d5 Ne7 11. e3 a5 12. Qc2 g5 13. a3 Ng6 14. b4 g4 15. Ne1 axb4
16. Nb5 bxa3 17. c5 Bd7 18. c6 bxc6 19. dxc6 Be6 20. Nd3 e4 21. Nb4 a2 22. Nxa2
Ne5 23. Nd4 Bc4 24. Rfd1 Nd5 25. Ne6 Nxe3 26. Bxe3 Bxe6 27. Bd4 Qe8 28. Nb4
Rxa1 29. Bxa1 Qf7 30. Bxe5 Bxe5 31. Qd2 Rb8 32. Bf1 Kg7 33. Ba6 d5 34. Nxd5 Rb2
35. Qa5 Rb8 36. Ne3 Bd6 37. Nd5 Kg6 38. Bb7 Re8 39. Ne3 f4 40. Ng2 e3 41. Rxd6
exf2+ 42. Kf1 cxd6 43. Nxf4+ Kh7 44. Kxf2 Re7 45. Qb4 Bf5 46. Qb2 Qc4 47. Qd2
Qc5+ 48. Kf1 Qb5+ 49. Kf2 Qb6+ 50. Kf1 Qb1+ 51. Kf2 Qe4 52. Kg1 Qf3 53. Qf2
Qd1+ 54. Qf1 Re1 55. Ba6 Qd4+ 56. Kh1 Be4+ 57. Ng2 Rxf1+ 0-1

[Event "IV Festival Internacional DUCHAMP in RIO"]
[Site "Hotel South American, Copacaba"]
[Date "2022.12.10"]
[Round "5.31"]
[White "Tamarozi, Isabelle"]
[Black "Menezes, Grasielle Da Silv"]
[Result "1-0"]
[WhiteElo "2005"]
[BlackElo "1793"]
[PlyCount "75"]
[EventDate "2022.12.07"]

1. e4 c6 2. d4 d5 3. e5 Bf5 4. h4 h6 5. g4 Bd7 6. h5 c5 7. dxc5 e6 8. Be3 Qc7
9. f4 Bxc5 10. Bxc5 Qxc5 11. Qd2 Ne7 12. Nc3 Bc6 13. Bg2 Qb4 14. O-O-O Nd7 15.
Kb1 Nb6 16. Ne4 Qxd2 17. Nd6+ Kd7 18. Rxd2 Nec8 19. Ne4 Ke7 20. Ng3 f6 21. Nf3
Nc4 22. Re2 Bb5 23. Rhe1 Re8 24. a4 Bd7 25. b3 Na5 26. exf6+ gxf6 27. Nf5+ Kf8
28. Nxh6 Nc6 29. g5 f5 30. g6 Nd6 31. Ng5 Ne4 32. Bxe4 fxe4 33. Nhf7 Ne7 34.
Ne5 Rad8 35. Ngf7 Nf5 36. Rh2 Ke7 37. Nxd8 Rxd8 38. h6 1-0

[Event "IV Festival Internacional DUCHAMP in RIO"]
[Site "Hotel South American, Copacaba"]
[Date "2022.12.10"]
[Round "5.32"]
[White "Bezerra, Natacio Goncalves"]
[Black "Mesquita, Arnaldo Leite"]
[Result "1/2-1/2"]
[WhiteElo "1988"]
[BlackElo "1732"]
[PlyCount "90"]
[EventDate "2022.12.07"]

1. e4 Nf6 2. e5 Nd5 3. Nf3 d6 4. d4 Bg4 5. Be2 Nc6 6. exd6 exd6 7. O-O Be7 8.
c4 Nb6 9. b3 O-O 10. Be3 Bf6 11. Nc3 Re8 12. Qd2 h6 13. Rac1 a6 14. Rfd1 Bf5
15. h3 g5 16. Nh2 Bg7 17. Bd3 Qd7 18. Ne2 Ne7 19. Ng3 Bxd3 20. Qxd3 f5 21. Nh5
Bh8 22. h4 f4 23. Bd2 Qf5 24. Qxf5 Nxf5 25. c5 Nd5 26. hxg5 hxg5 27. Rc4 Kf7
28. g4 fxg3 29. Nxg3 Nxg3 30. fxg3 Kg6 31. Nf3 Bf6 32. Rcc1 Re2 33. Re1 Rae8
34. cxd6 cxd6 35. Rxe2 Rxe2 36. Kf1 Re7 37. Rc8 Kf5 38. Rd8 Re6 39. Rd7 b6 40.
Bc1 g4 41. Nh4+ Ke4 42. Ba3 Bxd4 43. Rxd6 Ne3+ 44. Ke2 Rxd6 45. Bxd6 Nd5
1/2-1/2

[Event "IV Festival Internacional DUCHAMP in RIO"]
[Site "Hotel South American, Copacaba"]
[Date "2022.12.10"]
[Round "5.33"]
[White "Parijos De Melo, Luiz Claudio"]
[Black "Rothebarth, Ana Vitoria De Paula"]
[Result "0-1"]
[WhiteElo "1753"]
[BlackElo "1987"]
[PlyCount "104"]
[EventDate "2022.12.07"]

1. e4 e5 2. Nf3 Nc6 3. Bb5 a6 4. Ba4 Nf6 5. O-O Be7 6. Re1 b5 7. Bb3 d6 8. c3
O-O 9. h3 Na5 10. Bc2 c5 11. d4 Qc7 12. Nbd2 Rd8 13. Nf1 cxd4 14. cxd4 exd4 15.
Nxd4 d5 16. e5 Ne4 17. Bf4 Qb6 18. b3 Bb4 19. Re3 Bc3 20. Rxc3 Nxc3 21. Qd3 Ne4
22. Be3 Qg6 23. Kh2 Nc6 24. e6 Nb4 25. exf7+ Qxf7 26. Qe2 Nxc2 27. Qxc2 Bd7 28.
f3 Rac8 29. Qe2 Nd6 30. g4 Re8 31. Qd2 h6 32. Ng3 a5 33. Bf4 Qf6 34. Nh5 Qg6
35. Rg1 b4 36. Rg2 Rc3 37. Ne2 Rd3 38. Qb2 Rxf3 39. Bxd6 Qxd6+ 40. Nef4 Qe5 41.
Qd2 d4 42. Re2 Re3 43. Rxe3 Qxe3 44. Qc2 d3 45. Qc4+ Be6 46. Qb5 Bf7 47. Nxd3
Qe2+ 48. Kg1 Qd1+ 49. Kg2 Re2+ 50. Nf2 Bd5+ 51. Kg3 Qg1+ 52. Kh4 g5# 0-1

[Event "IV Festival Internacional DUCHAMP in RIO"]
[Site "Hotel South American, Copacaba"]
[Date "2022.12.10"]
[Round "5.34"]
[White "Manzi, Luiz Antonio Bardaro"]
[Black "Maia, Erick De Figueiredo"]
[Result "0-1"]
[WhiteElo "1984"]
[BlackElo "1727"]
[PlyCount "158"]
[EventDate "2022.12.07"]

1. Nf3 d5 2. b3 c5 3. Bb2 Nc6 4. g3 Nf6 5. Bg2 e6 6. O-O Be7 7. e3 O-O 8. d4
cxd4 9. exd4 b6 10. Nbd2 Ba6 11. Re1 Rc8 12. c3 Bd3 13. Ne5 Nxe5 14. dxe5 Nd7
15. Qf3 Bg6 16. Qe2 Nc5 17. Red1 Nd3 18. Nf3 Nxb2 19. Qxb2 Qc7 20. Rac1 b5 21.
Re1 Qa5 22. b4 Qb6 23. Nd4 Bd3 24. a3 Rc7 25. Qd2 Bg6 26. h4 h6 27. Bf1 a6 28.
Bh3 Rfc8 29. Kh2 a5 30. Bf1 axb4 31. axb4 Rc4 32. Bxc4 Rxc4 33. Nb3 f6 34. Na5
Rc8 35. exf6 Bxf6 36. Nb3 Rc4 37. Nc5 Be4 38. Qe3 Qd6 39. Kg1 Bf5 40. Kg2 d4
41. cxd4 Bxd4 42. Qf4 Qc6+ 43. Kh2 Bc3 44. Qb8+ Kh7 45. Rxc3 Rxc3 46. Qe5 Rc2
47. Re2 Rc1 48. Ne4 Qc4 49. Nd2 Qg4 50. Re1 Rxe1 51. Qxe1 Qxb4 52. Qe3 Qb2 53.
Nf3 b4 54. Ne5 Qc3 55. g4 Qxe3 56. fxe3 b3 57. Nc4 Bxg4 58. Kg3 Be2 59. Nb2 e5
60. Kf2 Bg4 61. Kg3 Bf5 62. Kf3 Bc2 63. Nc4 g5 64. hxg5 hxg5 65. Kg4 Kh6 66.
Nb2 Kg6 67. Nc4 Bd1+ 68. Kg3 Kf5 69. Nd6+ Ke6 70. Nc4 Be2 71. Nb2 Kd5 72. Kf2
Bb5 73. Kf3 Bd7 74. Kf2 Ke4 75. Nc4 Be6 76. Nb2 g4 77. Ke2 g3 78. Na4 Bc4+ 79.
Kd2 g2 0-1